Statistics for Words That Rhyme With "Gate"

Click here to take the quiz!

General Stats

  • This quiz has been taken 362 times
  • The average score is 18 of 23

Answer Stats

Rhyming Words% Correct
Mate
98%
Hate
97%
Date
96%
Fate
96%
Late
96%
Wait
95%
Bait
94%
Rate
93%
Ate
85%
Grate
82%
Slate
82%
Crate
79%
State
78%
Freight
77%
Trait
76%
Plate
74%
Weight
74%
Great
72%
Skate
62%
Eight
61%
Gait
61%
Straight
55%
Strait
42%

Score Distribution

Percentile by Number Answered

Percent of People with Each Score

Your Score History

You have not taken this quiz